Pourquoi le langage ? : Des Inuits à Google (notice n° 1567276)

détails MARC
000 -LEADER
fixed length control field 01421cam a2200133 4500500
005 - DATE AND TIME OF LATEST TRANSACTION
control field 20251214002641.0
041 ## - LANGUAGE CODE
Language code of text/sound track or separate title fre
042 ## - AUTHENTICATION CODE
Authentication code dc
100 10 - MAIN ENTRY--PERSONAL NAME
Personal name Moeschler, Jacques
Relator term author
245 00 - TITLE STATEMENT
Title Pourquoi le langage ? : Des Inuits à Google
260 ## - PUBLICATION, DISTRIBUTION, ETC.
Name of publisher, distributor, etc. Armand Colin,<br/>
Date of publication, distribution, etc. 2020.<br/>
520 ## - SUMMARY, ETC.
Summary, etc. « La langue inuit compte plus de mots qu’aucune autre pour désigner la neige. » « L’orthographe et la syntaxe sont maltraitées par les SMS. » « On ne peut communiquer sans langage. » « La langue des indiens hopi ne contient aucun mot ou structure grammaticale pour se référer au temps. » Partant d’un certain nombre de conceptions erronées liées au langage, aux langues et au français en particulier, Jacques Moeschler propose, sur la base des recherches les plus récentes, une nouvelle image unifiée de la nature du langage. L’ouvrage met en lumière un certain nombre de théories et concepts passionnants mais injustement ignorés ou méconnus. Il tire certaines conséquences de découvertes récentes, et les met en perspectives avec d’autres champs disciplinaires, comme les sciences cognitives, la philosophie du langage, l’informatique appliquée au traitement du langage (traduction automatique par exemple) ou encore les humanités numériques (digital humanities).
856 41 - ELECTRONIC LOCATION AND ACCESS
Uniform Resource Identifier <a href="https://shs.cairn.info/pourquoi-le-langage--9782200628550?lang=fr&redirect-ssocas=7080">https://shs.cairn.info/pourquoi-le-langage--9782200628550?lang=fr&redirect-ssocas=7080</a>

Pas d'exemplaire disponible.

PLUDOC

PLUDOC est la plateforme unique et centralisée de gestion des bibliothèques physiques et numériques de Guinée administré par le CEDUST. Elle est la plus grande base de données de ressources documentaires pour les Étudiants, Enseignants chercheurs et Chercheurs de Guinée.

Adresse

627 919 101/664 919 101

25 boulevard du commerce
Kaloum, Conakry, Guinée

Réseaux sociaux

Powered by Netsen Group @ 2025